Espectroscopia infrarroja / (Registro nro. 7772)

Detalles MARC
000 -CABECERA
Campo de control interno 01869nam a2200241Ia 4500
008 - ELEMENTOS DE LONGITUD FIJA - INFORMACIÓN GENERAL
Campo de control de longitud fija 260220t1974||||xx |||||||||||||| ||spa||
040 ## - FUENTE DE CATALOGACIÓN
Agencia de catalogación original PY-SlUNAC
Idioma de catalogación spa
Convenciones de descripción rda
041 ## - CÓDIGO DE IDIOMA
Código de idioma para texto/pista de sonido o título separado spa
082 ## - NÚMERO DE CLASIFICACIÓN DECIMAL DEWEY
Clasificación Decimal Dewey (CDD) 535.842
Clasificación Expansiva de Cutter (EC) M799e
100 ## - ASIENTO PRINCIPAL - NOMBRE PERSONAL
Nombre personal Morcillo Rubio, Jesús
Rol del autor Autor
245 #0 - TÍTULO
Título Espectroscopia infrarroja /
Mención de responsabilidad por Jesús Morcillo Rubio [Autor]
264 ## - PIE DE IMPRENTA
Lugar Washington D. C. :
Editorial Organización de los Estados Americanos,
Año ℗1974.
300 ## - DESCRIPCIÓN FÍSICA
Páginas 1 volumen
520 ## - NOTA DE RESUMEN
Nota de resumen El libro "Espectroscopia infrarroja" de Jesús Morcillo Rubio, publicado por la Organización de los Estados Americanos en 1974, ofrece una introducción detallada a los principios y aplicaciones de la espectroscopia en la región infrarroja del espectro electromagnético. A lo largo de sus capítulos, el autor explora los fundamentos teóricos que sustentan esta técnica analítica, incluyendo la interacción de la radiación infrarroja con la materia y las leyes físicas que rigen estos fenómenos. Morcillo Rubio también aborda los instrumentos y metodologías utilizados en espectroscopia infrarroja, así como su relevancia en diversas disciplinas científicas, desde la química hasta la biología y la ciencia de materiales. El libro se convierte en una herramienta valiosa para estudiantes e investigadores, facilitando la comprensión de la espectroscopia infrarroja como un método crucial para el análisis estructural y la identificación de compuestos. Su enfoque accesible y pedagógico contribuye a la difusión del conocimiento en esta área de estudio, promoviendo su uso en la investigación científica contemporánea.
653 ## - MATERIA - TÉRMINO TEMÁTICO NO CONTROLADO (PALABRAS CLAVE)
Materia - término temático no controlado (palabras clave) Espectroscopía
653 ## - MATERIA - TÉRMINO TEMÁTICO NO CONTROLADO (PALABRAS CLAVE)
Materia - término temático no controlado (palabras clave) Infrarrojos
653 ## - MATERIA - TÉRMINO TEMÁTICO NO CONTROLADO (PALABRAS CLAVE)
Materia - término temático no controlado (palabras clave) Química analítica
942 ## - ELEMENTOS PERSONALIZADOS (KOHA)
Fecha catalogación 2026/02/17
Tipo de documento Libros
Existencias
Fuente de Clasificacion Colección Ubicacion permanente Biblioteca actual Fecha de Ingreso a la Biblioteca Origen de adquisición Código de ubicación Código de barras Tipo de Item KOHA Nota pública
Dewey Decimal Classification Colección General (CG) Biblioteca e Internet, Facultad de Ciencias Exactas y Naturales Biblioteca e Internet, Facultad de Ciencias Exactas y Naturales 02/20/2026 Donación 535.842 M799e CG1132 Libros Material disponible en la Biblioteca e Intenet, Campus UNA, San Lorenzo.